[Event "GER-ch Youth U18 2020"]
[Site "Willingen"]
[Date "2020.10.23"]
[Round "6.2"]
[White "Roseneck, Jonas"]
[Black "Suvorov, Alexander"]
[Result "0-1"]
[WhiteElo "2417"]
[BlackElo "2313"]
[Annotator "TA"]
[PlyCount "107"]
[EventDate "2020.10.20"]
[EventType "swiss"]
[EventRounds "7"]
[EventCountry "GER"]
[SourceTitle "playchess.com"]
[Source "ChessBase"]
[SourceQuality "1"]

{[%evp 24,107,45,33,33,33,37,33,39,35,39,-13,11,23,36,-18,-9,-17,38,31,33,18,75,6,18,0,0,0,0,0,13,-9,102,34,62,29,56,0,0,-28,-23,-42,-35,-144,-116,-177,-136,-155,0,0,0,0,0,-8,-8,-8,-8,-8,-8,-15,-15,-83,-95,-178,-181,-422,-422,-419,-419,-419,-418,-389,-128,-128,-128,-120,-120,-7288,-7162,-29962,-29962,-29960,-5600,-29975,-29976,-29976]} 1. e4 c5 2. Nf3 Nc6 3. d4 cxd4 4. Nxd4 Nf6 5. Nc3 e5 6. Ndb5 d6 7. Bg5 a6 8. Na3 b5 9. Nd5 Be7 10. Bxf6 Bxf6 11. c3 Ne7 12. Nxf6+ gxf6 13. Bd3 d5 {B33: Sicilian: Pelikan and Sveshnikov Variations.} 14. Qe2 dxe4 15. Bxe4 Rb8 {[#] White is slightly better.} 16. Nc2 $146 ({Predecessor:} 16. Rd1 Qc7 {½-½ (16) Petraitis,G (2464)-Kupsys,A (2523) ICCF email 2018}) 16... f5 17. Bd3 (17. Bf3 $14 Qc7 18. O-O-O) 17... Qc7 {And now ...e4 would win.} 18. f3 O-O 19. Ne3 ({Better is} 19. O-O-O $1 $14) 19... Qc5 $11 20. O-O-O Kh8 (20... b4 $11 21. c4 b3) 21. g4 $14 {[%cal Rg4f5]} f4 22. Nc2 f5 (22... f6 $11 {remains equal.}) 23. h3 ({White should try} 23. gxf5 $16 Bxf5 24. Rhe1) 23... Rb6 24. Rhe1 {[#]} e4 $1 {[%mdl 512]} 25. fxe4 fxg4 26. hxg4 {Strongly threatening e5.} Rg6 27. Rg1 Rfg8 (27... f3 $11 28. Qe3 Qxe3+ 29. Nxe3 Nc6) 28. Rdf1 (28. Qh2 $1 $16) 28... Rxg4 29. Rxg4 Bxg4 30. Qh2 (30. Qd2 $1 $14) 30... Ng6 $11 31. e5 Qxe5 32. Bxg6 Rxg6 33. Re1 (33. Qxf4 $15 Qxf4+ 34. Rxf4) 33... Qf6 $17 34. Nd4 (34. Re4 $17 {was necessary.}) 34... Rg8 35. Rf1 f3 $2 {[#]} (35... Rf8 $1 $17 {...f3 is the strong threat.} 36. a3 f3) 36. Nxf3 $1 $11 {[%mdl 512]} Bxf3 37. Rxf3 {[%mdl 4096] Endgame KQR-KQR} Qg5+ (37... Qxf3 $5 38. Qe5+ $8 Rg7 39. Qe8+ Rg8 40. Qe5+ Rg7 41. Qe8+ Rg8 42. Qe5+ $11) 38. Qf4 h5 39. a4 bxa4 40. Qxg5 Rxg5 {KR-KR} 41. c4 Kg7 {Threatens to win with ...h4.} 42. Kd2 (42. Rh3 $11 {keeps the balance.}) 42... h4 $1 $17 43. Ke3 (43. Rf2 $17) 43... Kg6 $1 $19 44. Kd4 $2 {[#]} (44. Rh3 Rg4 45. c5) 44... Rh5 $1 45. Rh3 Kf5 46. c5 {[#]} Ke6 $1 {[%cal Re6d7]} 47. Kc4 Kd7 $2 (47... Rh7 $19 48. Kd4 Rh5) 48. Kb4 $17 Kc6 49. Kxa4 Kxc5 {White must now prevent ...Kd4.} 50. Ka5 $2 {[%mdl 8192] White does not recover from this.} (50. Kb3 $17) 50... Rh6 $19 51. b3 Kd5 52. b4 Ke5 (52... Ke4 $142 53. Ka4 Kf5 54. Ka5 Kg4 55. Rh2 h3 56. Rc2 Kg3 57. Re2 h2 58. Re1 Kg2 59. Re2+ Kg3 60. Re1 Rf6 61. Rc1 Kg2 62. b5 axb5 63. Re1 Rf5 64. Re2+ Kg1 65. Re1+ Rf1 66. Re5 h1=Q 67. Rg5+ Kf2 68. Rc5 Qe4 69. Ka6 b4 70. Rg5 b3 71. Kb6 b2 72. Rb5 b1=Q 73. Rxb1 Rxb1+ 74. Kc7 Qd5 75. Kc8 Qf7 76. Kd8 Rb8#) 53. Rh1 h3 54. Rh2 {Av CentiPawn Loss W=-96/B=-49. Weighted=-69/-29} 0-1

[Event "GER-ch Youth U18 2020"]
[Site "Willingen"]
[Date "2020.10.23"]
[Round "6.3"]
[White "Färber, David"]
[Black "Richter, Nils"]
[Result "1/2-1/2"]
[WhiteElo "2321"]
[BlackElo "2290"]
[Annotator "TA"]
[PlyCount "59"]
[EventDate "2020.10.20"]
[EventType "swiss"]
[EventRounds "7"]
[EventCountry "GER"]
[SourceTitle "playchess.com"]
[Source "ChessBase"]
[SourceQuality "1"]

{[%evp 24,59,47,48,68,75,66,58,57,60,85,65,56,38,45,42,42,55,52,18,50,43,40,3,3,7,8,6,8,0,0,0,0,0,0,0,0,0]} 1. e4 c5 2. Nf3 e6 3. d4 cxd4 4. Nxd4 Nc6 5. Nc3 Qc7 6. g3 a6 7. Bg2 Nf6 8. O-O Nxd4 9. Qxd4 Bc5 10. Bf4 d6 11. Qd2 h6 12. Rad1 e5 13. Be3 Bxe3 {B47: Sicilian: Taimanov: 5 Nc3 Qc7 6 f4, 6 g3 and 6 Be2.} 14. fxe3 Be6 15. Qxd6 Rc8 {[#] White is slightly better.} 16. Rf2 $146 ({Predecessor:} 16. a4 h5 17. h3 Qxd6 18. Rxd6 Nd7 19. h4 Ke7 20. Rd2 Nb6 21. Nd5+ Bxd5 22. exd5 {0-1 (55) Tari,A (2633)-Caruana,F (2828) Stavanger 2020}) 16... Ng4 17. Qxc7 Rxc7 18. Rfd2 {[#] Rd8+ is the strong threat.} Ke7 19. Nd5+ Bxd5 $1 20. exd5 {Strongly threatening d6+.} Kd6 21. Re2 Rhc8 22. c3 b5 23. Bh3 h5 $1 {The position is equal.} 24. e4 a5 {[%cal Ba6a5,Ba5b4][%mdl 32]} 25. a3 b4 $1 26. Bxg4 hxg4 27. cxb4 axb4 28. Rd3 Rc2 29. Rxc2 Rxc2 30. Rb3 {Av CentiPawn Loss W=-6/B=-4. Weighted=-7/-4} 1/2-1/2

[Event "GER-ch Youth U18 2020"]
[Site "Willingen"]
[Date "2020.10.23"]
[Round "6.4"]
[White "Stelmaszyk, Nico"]
[Black "Mätzkow, Maximilian Paul"]
[Result "1-0"]
[WhiteElo "2301"]
[BlackElo "2242"]
[Annotator "TA"]
[PlyCount "119"]
[EventDate "2020.10.20"]
[EventType "swiss"]
[EventRounds "7"]
[EventCountry "GER"]
[SourceTitle "playchess.com"]
[Source "ChessBase"]
[SourceQuality "1"]

{[%evp 14,119,1,12,20,26,35,30,34,28,34,12,33,6,10,-7,7,9,19,-39,-24,-37,0,-52,0,0,0,0,6,8,9,-4,0,0,74,-18,0,0,67,67,60,60,67,67,60,13,13,13,16,0,0,0,0,0,0,0,74,82,45,47,326,272,392,385,308,33,33,33,35,33,35,35,35,35,35,20,20,35,758,1066,885,887,653,334,841,841,841,841,841,841,841,837,12832,7836,5285,5362,12840,12840,12841,12841,12841,12842,12843,12843,12845,12845,29988,29989]} 1. e4 e6 2. d4 d5 3. Nc3 Nf6 4. Bg5 Bb4 5. Nge2 dxe4 6. a3 Be7 7. Bxf6 Bxf6 8. Nxe4 b6 {C12: French: Classical System: McCutcheon Variation.} 9. g3 O-O 10. Bg2 c6 {White has an edge.} 11. O-O Bb7 {[#]} 12. Qd3 $146 ({Predecessor:} 12. c4 Be7 13. b4 {½-½ (13) Elter,J (2285)-Szollosi,L (2205) Hungary 2001}) 12... Nd7 13. c4 Qc7 14. b4 Rad8 15. Rfd1 c5 16. bxc5 (16. Nxf6+ $11 Nxf6 17. Bxb7 Qxb7 18. Qe3) 16... bxc5 {Strongly threatening ...Bxe4.} 17. Rab1 Ba6 (17... Bxe4 {seems wilder.} 18. Qxe4 cxd4 19. Nxd4 Ne5 20. Nc6 Nxc6 21. Qxc6 Qa5) 18. dxc5 (18. Qe3 $11) 18... Nxc5 ({Black should try} 18... Be7 $1 $15) 19. Nxf6+ $11 gxf6 20. Qf3 $36 {[%mdl 2048] Black is under pressure.} Rxd1+ 21. Rxd1 Rd8 22. Nf4 Rxd1+ 23. Qxd1 {Threatens to win with Nh5.} Nd7 (23... Kf8 $11) 24. Nh5 ({Better is} 24. Qg4+ $16 Kf8 25. Qxe6 fxe6 26. Nxe6+ {[%mdl 64] Double Attack} Ke7 27. Nxc7 Bxc4 28. Nd5+ Kd6 29. Ne3) 24... Qxc4 25. h4 Qe2 (25... Bb5 $11) 26. Qxd7 $14 {[%cal Rd7e8] [#]} Qxh5 27. Qxa7 Qe2 28. Kh2 Qc4 29. Qb6 Bb5 30. Qe3 Kg7 31. Bf3 Ba4 32. Qe4 (32. Be2 {is more complex.} Qc2 33. Bd3 Qb2 34. Qc5 f5 35. Kh3) 32... Qxe4 33. Bxe4 $11 {[%mdl 4096] Endgame KB-KB} f5 34. Bd3 h6 (34... Kf6 $11) 35. Kg2 $16 Kf6 36. Kf3 e5 $2 {[%mdl 8192]} (36... Ke5 $14) 37. Ke3 $18 Ke6 (37... Be8 {keeps fighting.} 38. Kd2 Ke6) 38. Bc4+ Kf6 39. f4 $2 (39. Kd2 $18) 39... e4 $1 $14 40. Kd4 Kg6 41. Be2 Kf6 42. Kc4 Ke6 43. Kb4 Bc6 44. Bc4+ Bd5 {next ...Bxc4 is good for Black.} 45. Bb5 Bb7 $2 {[%mdl 8192] [#] White stays focused until the end.} (45... Kd6 $14) 46. Kc5 $1 $18 Ke7 47. a4 {[%cal Ba3a4,Ba4a5][%mdl 32]} Kd8 48. Kd6 Bc8 $2 (48... Kc8 49. Ke5 Kb8 50. Kxf5 e3) 49. a5 Be6 50. Ba6 Bc8 51. Be2 Be6 52. h5 Kc8 53. Ke5 Kb7 54. Kf6 Ka7 55. Kg7 Bc8 56. Kxh6 Ba6 57. Bd1 e3 58. Kg7 Bb5 59. h6 Ba4 60. Be2 {Av CentiPawn Loss W=-31/B=-38. Weighted=-26/-44} 1-0

[Event "GER-ch Youth U18 2020"]
[Site "Willingen"]
[Date "2020.10.23"]
[Round "6.5"]
[White "Richter, Philipp"]
[Black "Schmider, Niklas"]
[Result "0-1"]
[WhiteElo "2254"]
[BlackElo "2291"]
[Annotator "TA"]
[PlyCount "68"]
[EventDate "2020.10.20"]
[EventType "swiss"]
[EventRounds "7"]
[EventCountry "GER"]
[SourceTitle "playchess.com"]
[Source "ChessBase"]
[SourceQuality "1"]

{[%evp 18,68,24,32,29,24,49,48,48,45,36,48,45,39,75,64,66,61,93,84,75,75,69,75,89,77,102,99,79,30,37,12,35,0,84,85,98,30,168,160,162,167,214,197,211,-964,-947,-859,-603,-700,-664,-5014,-5014]} 1. d4 Nf6 2. c4 g6 3. f3 e6 4. e4 c5 5. d5 d6 6. Nc3 Bg7 7. Nge2 O-O 8. Ng3 exd5 9. cxd5 a6 10. a4 {[%cal Ba2a4,Ba4a5][%mdl 32]} h5 {A65: Modern Benoni: 6 e4.} 11. Bg5 Qb6 12. Qd2 Nh7 {White is slightly better.} 13. a5 Qc7 14. Bh6 h4 15. Bxg7 Kxg7 {[#]} 16. Bc4 $146 {[%mdl 2048] White fights for an advantage.} ({Predecessor:} 16. Nge2 f5 17. exf5 Bxf5 18. g4 Bc8 19. Bg2 h3 20. Bxh3 Rxf3 21. Bg2 Rf8 22. h3 {1-0 (51) Tang,A (2538)-Lagno,K (2546) chess.com INT 2020}) 16... Nd7 17. Nf1 $1 Ne5 18. Be2 f5 19. exf5 Bxf5 20. Ne3 Bd7 {[#]} 21. O-O $1 Rf4 22. Ne4 {Hoping for Nc4.} Raf8 23. b4 {Threatens to win with bxc5.} Nf6 24. Nxf6 R8xf6 25. Rac1 {With the idea bxc5.} c4 (25... h3 $11 {remains equal.}) 26. Qc3 $16 Kg8 {...b5 would now be nice for Black.} 27. Kh1 (27. Nxc4 $16 Nxc4 28. Bxc4) 27... Rf8 {[#]} (27... g5 $11) 28. g3 $1 $18 {[%cal Rg3f4]} hxg3 29. hxg3 Rxf3 30. Bxf3 Nxf3 31. Kg2 $4 {[%mdl 8192] [#]} ({Much less strong is} 31. Qxc4 $6 Qd8 $16) ({But not} 31. Nxc4 $2 Bg4 $19) (31. Qc2 $18 Ne5 32. Rxf8+ Kxf8 33. Rf1+ (33. Nxc4 Bf5 $11) 33... Kg8 34. Qh2) 31... Bh3+ $1 $19 {[%mdl 576] Skewer. Black is clearly winning.} 32. Kf2 (32. Kxh3 Qh7+) 32... Nd2+ 33. Ke2 {Strongly threatening Rxf8+.} Nxf1 34. Nxf1 Bxf1+ {Av CentiPawn Loss W=-93/B=-28. Weighted=-68/-31} 0-1

[Event "GER-ch Youth U18 2020"]
[Site "Willingen"]
[Date "2020.10.23"]
[Round "6.6"]
[White "Knüdel, Torben"]
[Black "Gutkin, Ilya"]
[Result "0-1"]
[WhiteElo "2211"]
[BlackElo "2203"]
[Annotator "TA"]
[PlyCount "238"]
[EventDate "2020.10.20"]
[EventType "swiss"]
[EventRounds "7"]
[EventCountry "GER"]
[SourceTitle "playchess.com"]
[Source "ChessBase"]
[SourceQuality "1"]

{[%evp 14,238,8,11,31,28,23,25,46,48,58,53,104,108,95,100,96,47,52,37,48,29,34,35,43,7,41,25,48,31,38,32,51,37,41,43,32,19,25,8,37,32,53,57,60,48,40,34,62,54,54,47,52,54,54,54,54,27,54,54,54,54,54,54,59,54,54,58,75,0,0,0,74,54,54,54,59,53,60,30,62,62,58,54,56,39,44,37,24,13,13,13,13,0,14,0,0,0,0,0,0,-7,-7,-7,0,-7,-7,-90,-90,-131,-131,-131,-131,-160,-160,-154,-176,-174,-156,-204,-167,-169,-138,-139,-139,-189,-158,-203,-164,-164,-164,-189,-159,-182,-182,-181,-182,-160,-133,-136,-136,-160,-137,-143,-135,-143,-136,-203,-199,-198,-198,-185,-145,-145,-141,-152,-145,-146,-70,-183,-189,-198,-186,-179,-179,-275,-275,-276,-246,-268,-289,-287,-287,-274,-258,-315,-317,-351,-333,-334,-318,-293,-293,-293,-293,-293,-278,-258,-263,-286,-258,-268,-263,-250,-202,-340,-329,-350,-354,-349,-356,-459,-418,-452,-437,-1074,-519,-569,-523,-757,-682,-1236,-1243,-1058,-1001,-29978,-29979,-29979,-29980,-29980,-29981,-29981,-29982,-29981,-29982,-29979,-29980]} 1. e4 c5 2. Nf3 Nc6 3. Nc3 g6 4. d4 cxd4 5. Nxd4 Bg7 6. Be3 Nf6 7. Bc4 O-O 8. Bb3 Re8 {B35: Sicilian: Accelerated Dragon with 5 Nc3: main line.} 9. f3 e6 10. f4 e5 {White has an edge.} 11. fxe5 Nxe5 12. O-O {[#]} a6 $146 (12... d6 $14) ({Predecessor:} 12... Neg4 13. Qf3 Nxe3 14. Qxe3 d5 15. e5 Ng4 16. Qf4 Nxe5 17. Bxd5 Be6 18. Nxe6 Rxe6 19. Bxe6 fxe6 {1-0 (48) Saveliev,A (2352)-Urh,Z (2108) chess.com INT 2020}) 13. Bg5 $16 h6 14. Bxf6 Bxf6 15. Nd5 Bg7 16. Qd2 d6 17. Qf4 Be6 18. Nxe6 Rxe6 19. Rad1 Rc8 20. c3 Re8 21. Ne3 {[%cal Rb3f7]} Rc7 22. Rd2 Rd7 23. Kh1 (23. Nc4 {with more complications.} Kh7 24. Nxe5 Bxe5 25. Qg4 Rf8 26. g3) 23... Qg5 24. Qxg5 (24. g3 {feels hotter.} Qe7 25. Qf2 b5 26. Nd5 Qd8 27. a4) 24... hxg5 25. Rdf2 Rf8 26. Nd5 Ng4 27. Re2 Be5 28. h3 Nh6 $1 29. g4 Kg7 30. Ref2 Rb8 31. a4 b6 32. Nb4 a5 33. Nd5 Ng8 34. Bc4 f6 35. Kg2 Rf7 36. Rf3 Rbb7 37. Ba6 Rb8 38. Bb5 Rbb7 39. Be8 Rf8 40. Bc6 Rbb8 41. Bd7 Rb7 $1 {[%cal Rb7d7]} 42. Bc6 Rbb8 43. R1f2 Rf7 44. Bb5 Rbb7 45. Ba6 Rb8 46. Kf1 Ra7 47. Bb5 Rab7 48. Ke2 Rf8 49. Ba6 Ra7 50. Bc4 Ne7 51. Kd3 Nxd5 52. Bxd5 Rc8 53. Rc2 Rc5 54. Rf1 Kf8 55. Rh1 Rh7 56. Rf2 Ke8 57. c4 Rc8 58. Rf3 Kd7 59. Kc2 Rch8 60. b3 (60. Rb3 $11 {keeps the balance.}) 60... Rh4 $17 61. Kd3 {[#]} Rxg4 $1 {[%mdl 512]} 62. hxg4 Rxh1 {[%mdl 4096] Endgame KRB-KRB} 63. Bf7 Rh6 64. Rf1 Ke7 65. Bd5 Rh3+ 66. Kc2 Kf8 67. Rb1 Bc3 68. Rd1 {[#]} Bb4 $1 69. Rg1 Rh2+ 70. Kc1 Ba3+ 71. Kd1 Rh3 72. Kc2 Bb4 73. Rg2 Kg7 74. Bc6 Bc5 75. Rd2 Rg3 {Threatens to win with ...Bb4.} 76. Bd7 Rf3 77. Bc8 Rh3 78. Rd3 Rh4 79. Bd7 Kf7 80. Rd2 (80. Kd1 $17 {was called for.}) 80... Ke7 $19 81. Bc8 Rh8 82. Bb7 Kd7 83. Bd5 Rh4 84. Rg2 Bd4 85. Bf7 Rh3 ({Black should play} 85... Rh6 $17 86. Rd2 Be5) 86. Bxg6 ({Only move:} 86. Rd2 $1 $15 Rc3+ 87. Kb2 Rxc4+ 88. Ka2) 86... Rc3+ 87. Kd1 Rxb3 88. Rd2 Be5 89. Rd5 (89. Ke2 $142) 89... Ra3 90. Rb5 Bd4 ({Much less strong is} 90... Rxa4 91. Rxb6 Rxc4 92. Ra6 $19) 91. Rd5 Bc5 92. Bf5+ Ke7 93. Kc2 Rxa4 94. Kb3 Ra3+ 95. Kb2 {With the idea Rxc5!} Rh3 96. Rd2 Bb4 97. Rf2 Bc3+ 98. Ka2 Kd8 99. Rc2 Be5 100. Rd2 Kc7 101. Bg6 Kc6 102. Bf7 Re3 103. Rd1 Kd7 104. Rh1 (104. Bd5 $142) 104... Rxe4 105. Rh7 Re2+ 106. Kb3 Kc6 107. Rh3 Kc5 {...d5! is the strong threat.} 108. Rd3 Bd4 109. Rf3 {[#]} (109. Rd1 $142) 109... Re4 (109... d5 $142 $1 {( -> ...dxc4+)} 110. Rf5 (110. cxd5 Kb5) 110... Be5 111. Bxd5 b5 {[%mdl 64] Overworked Piece} 112. cxb5 Kxd5) 110. Rg3 Be5 111. Rg2 Re3+ 112. Ka2 Kb4 113. Kb1 a4 114. Rd2 Rb3+ {Black mates.} 115. Ka2 Ra3+ 116. Kb1 Ra1+ 117. Kc2 Ra2+ 118. Kd1 Rxd2+ 119. Kxd2 a3 {Av CentiPawn Loss W=-32/B=-16. Weighted=-25/-16} 0-1

[Event "GER-ch Youth U18 2020"]
[Site "Willingen"]
[Date "2020.10.23"]
[Round "6.7"]
[White "Pahl, Theis"]
[Black "Woelk, Tom-Frederic"]
[Result "1/2-1/2"]
[WhiteElo "2056"]
[BlackElo "2253"]
[Annotator "TA"]
[PlyCount "47"]
[EventDate "2020.10.20"]
[EventType "swiss"]
[EventRounds "7"]
[EventCountry "GER"]
[SourceTitle "playchess.com"]
[Source "ChessBase"]
[SourceQuality "1"]

{[%evp 14,47,21,31,28,36,27,18,45,39,38,27,37,7,0,0,54,-19,-14,-20,-29,-33,48,0,7,13,68,39,81,0,0,-20,-18,-9,43,0]} 1. e4 e5 2. Nf3 Nc6 3. Bb5 g6 4. c3 a6 5. Ba4 Bg7 6. O-O Nge7 7. d4 exd4 8. cxd4 b5 {C60: Ruy Lopez: Unusual Black 3rd moves and 3...g6.} 9. Bc2 d6 10. h3 O-O {The position is equal.} 11. Nc3 Na5 12. Re1 c5 {[#]} 13. Bf4 $146 {Threatens to win with dxc5.} ({Predecessor:} 13. d5 Bd7 14. Rb1 Nc4 15. Ne2 Qa5 16. a3 Rfe8 17. Ng3 Nc8 18. Ng5 h6 19. Nf3 {½-½ (42) Seric,A (2269)-Garcia Rodriguez,I (2265) ICCF email 2017}) 13... cxd4 14. Nxd4 Nc4 (14... Bb7 $11) 15. Rb1 (15. Bb3 $14) 15... Bb7 $11 16. Qd3 Rc8 17. Bb3 Ne5 ({Black should play} 17... d5 $15 18. e5 Nc6 19. Nxc6 Bxc6) 18. Qe3 b4 19. Nce2 $36 {[%mdl 2048] White has some pressure.} Rc5 ({Better is} 19... Nc4 $11 20. Bxc4 Rxc4) 20. Bg5 Qc7 21. f4 ({White should try} 21. Bh6 $16) 21... Nc4 22. Bxc4 Rxc4 23. f5 {[#] Strongly threatening f6.} Be5 (23... Nc6 $11 24. f6 Bh8) 24. Rbc1 {Av CentiPawn Loss W=-21/B=-19. Weighted=-27/-18} 1/2-1/2

[Event "GER-ch Youth U18 2020"]
[Site "Willingen"]
[Date "2020.10.23"]
[Round "6.8"]
[White "Huber, Benedikt"]
[Black "Burian, Simon"]
[Result "1-0"]
[WhiteElo "2191"]
[BlackElo "2113"]
[Annotator "ChessBase"]
[PlyCount "91"]
[EventDate "2020.10.20"]
[EventType "swiss"]
[EventRounds "7"]
[EventCountry "GER"]
[SourceTitle "playchess.com"]
[Source "ChessBase"]
[SourceQuality "1"]
[TimeControl "40/5400+30:1800+30"]

1. d4 {[%emt 0:00:00]} Nf6 {[%emt 0:00:00]} 2. c4 {[%emt 0:00:00]} c5 {[%emt 0:00:00]} 3. d5 {[%emt 0:00:00]} b5 {[%emt 0:00:00]} 4. cxb5 {[%emt 0:00:00]} a6 {[%emt 0:00:00]} 5. Nc3 {[%emt 0:00:01]} axb5 {[%emt 0:00:04]} 6. e4 {[%emt 0:00:07]} b4 {[%emt 0:08:50]} 7. Nb5 {[%emt 0:00:02]} d6 {[%emt 0:02:53]} 8. a4 {[%emt 0:00:06]} bxa3 {[%emt 0:08:36]} 9. Rxa3 {[%emt 0:00:08]} Rxa3 {[%emt 0:00:04]} 10. bxa3 {[%emt 0:00:07]} g6 {[%emt 0:04:12]} 11. Qa4 {[%emt 0:00:08]} Bd7 {[%emt 0:03:44]} 12. Qa7 {[%emt 0:00:08]} Bg7 {[%emt 0:09:33]} 13. Nc7+ {[%emt 0:02:09]} Kf8 {[%emt 0:01:55]} 14. Bd3 {[%emt 0:03:41]} Ne8 {[%emt 0:05:20]} 15. Nxe8 {[%emt 0:01:11]} Bc3+ {[%emt 0:02:13]} 16. Bd2 {[%emt 0:06:23]} Bxd2+ {[%emt 0:00:38]} 17. Kxd2 {[%emt 0:00:02]} Qxe8 {[%emt 0:01:41]} 18. Nf3 {[%emt 0:00:35]} Kg7 {[%emt 0:00:48]} 19. Rb1 {[%emt 0:00:39]} Qc8 {[%emt 0:07:51]} 20. Rb7 {[%emt 0:03:32]} Re8 {[%emt 0:09:50]} 21. a4 {[%emt 0:02:05]} Bxa4 {[%emt 0:10:38]} 22. Rc7 {[%emt 0:20:30]} Qd8 {[%emt 0:00:28]} 23. Qxa4 {[%emt 0:00:09]} Qxc7 {[%emt 0:00:04]} 24. Qxe8 {[%emt 0:00:06]} c4 {[%emt 0:00:32]} 25. Bxc4 {[%emt 0:03:35]} Qxc4 {[%emt 0:00:10]} 26. Qxb8 {[%emt 0:00:06]} Qxe4 {[%emt 0:00:37]} 27. Qb2+ {[%emt 0:00:14]} Kg8 {[%emt 0:01:36]} 28. Qd4 {[%emt 0:00:04]} Qb1 {[%emt 0:01:05]} 29. h4 {[%emt 0:03:28]} f6 {[%emt 0:07:56]} 30. Ne1 {[%emt 0:02:05]} Qa2+ {[%emt 0:01:20]} 31. Ke3 {[%emt 0:01:03]} Kf7 {[%emt 0:01:12]} 32. Nd3 {[%emt 0:00:05]} Qb1 {[%emt 0:01:08]} 33. Qe4 {[%emt 0:00:49]} Qb6+ {[%emt 0:01:00]} 34. Kf3 {[%emt 0:01:27]} Kf8 {[%emt 0:01:24]} 35. Kg3 {[%emt 0:01:06]} Qb3 {[%emt 0:01:54]} 36. Kh2 {[%emt 0:01:09]} Qc2 {[%emt 0:01:29]} 37. g3 {[%emt 0:00:58]} Ke8 {[%emt 0:03:27]} 38. Qd4 {[%emt 0:00:34]} Qd2 {[%emt 0:00:39]} 39. Kg2 {[%emt 0:00:31]} h6 {[%emt 0:01:48]} 40. Qe3 {[%emt 0:02:57]} Qd1 {[%emt 0:00:21]} 41. Qe4 {[%emt 0:31:18]} g5 {[%emt 0:05:06]} 42. hxg5 {[%emt 0:00:00]} hxg5 {[%emt 0:00:11]} 43. Nb4 {[%emt 0:00:00]} Qb3 {[%emt 0:00:55]} 44. Nc6 {[%emt 0:00:00]} Qb7 {[%emt 0:00:05]} 45. Qe6 {[%emt 0:00:00]} Kf8 {[%emt 0:00:29]} 46. Nd8 {[%emt 0:00:00]} 1-0

[Event "GER-ch Youth U18 2020"]
[Site "Willingen"]
[Date "2020.10.23"]
[Round "6.9"]
[White "Tschernatsch, Johannes"]
[Black "Junker, Magnus"]
[Result "0-1"]
[WhiteElo "2251"]
[BlackElo "2093"]
[Annotator "TA"]
[PlyCount "86"]
[EventDate "2020.10.20"]
[EventType "swiss"]
[EventRounds "7"]
[EventCountry "GER"]
[SourceTitle "playchess.com"]
[Source "ChessBase"]
[SourceQuality "1"]

{[%evp 21,86,49,64,41,54,53,54,50,54,33,62,56,54,37,40,51,77,36,33,42,43,35,52,-51,-39,-50,-48,-37,-8,-10,-15,-8,-10,-14,-11,-6,-7,-7,-10,-20,0,-1,0,-4,0,-6,0,-4,-3,-8,-4,-39,-39,-172,-172,-172,-172,-185,-183,-396,-394,-547,-546,-663,-649,-622,-580]} 1. e4 c5 2. Nf3 g6 3. c4 Bg7 4. d4 cxd4 5. Nxd4 Nc6 6. Be3 Nf6 7. Nc3 O-O 8. Be2 d6 9. O-O Nxd4 10. Bxd4 Be6 11. Rc1 Qa5 12. a3 {B38: Sicilian: Maroczy Bind with 5...Bg7 and 7...0-0.} Rfc8 13. Nd5 Bxd5 14. exd5 {White is slightly better.} a6 {[#]} 15. Qd3 $146 ({Predecessor:} 15. Rc3 Qd8 16. Rh3 Qf8 17. Re1 Rc7 18. Bb6 Rcc8 19. b3 Nd7 20. Bd4 Rc7 21. Bg4 Bxd4 22. Qxd4 {½-½ (34) Konyves,A (2090)-Brankovic,D (2297) Paracin 2020}) 15... Qd8 16. b4 a5 17. Bf3 axb4 18. axb4 Nd7 19. c5 Ne5 20. Bxe5 Bxe5 21. c6 Qb6 {next ...bxc6 is good for Black.} 22. Rc4 (22. b5 $14) 22... Ra2 $15 23. g3 Rb2 24. Qe3 Rxb4 25. Rxb4 Qxb4 26. Qa7 $1 bxc6 27. dxc6 e6 28. Qb7 Qxb7 29. cxb7 $11 {[%mdl 4096] Endgame KRB-KRB} Rb8 30. Re1 Kg7 31. Bc6 Kf6 32. f4 Bd4+ 33. Kg2 Ke7 34. Kf3 Kd8 {Threatens to win with ...Kc7.} 35. Rc1 d5 36. g4 Ke7 {Strongly threatening ...Kd6.} 37. Rd1 {This costs White the game.} (37. Rb1 $1 $15) 37... Kd6 $19 38. Ba4 Bb2 39. Rb1 Rxb7 40. f5 $2 {[#]} (40. g5) 40... e5 41. Be8 e4+ {Black is clearly winning.} 42. Ke2 gxf5 43. gxf5 d4 {Av CentiPawn Loss W=-27/B=-6. Weighted=-26/-7} 0-1